<?xml version="1.0" encoding="UTF-8"?>
<marc:record xmlns:marc="http://www.loc.gov/MARC21/slim">
   <marc:leader>00000nam a2200000 a 4500</marc:leader>
   <marc:datafield ind1="1" ind2=" " tag="100">
      <marc:subfield code="a">Blasco, Serena</marc:subfield>
      <marc:subfield code="4">aut</marc:subfield>
      <marc:subfield code="e">Verfasser/-in</marc:subfield>
   </marc:datafield>
   <marc:datafield ind1="0" ind2="0" tag="245">
      <marc:subfield code="a">Der Fall der linkshändigen Lady</marc:subfield>
   </marc:datafield>
   <marc:datafield ind1="0" ind2="0" tag="245">
      <marc:subfield code="b">nach dem Roman von Nancy Springer</marc:subfield>
   </marc:datafield>
   <marc:datafield ind1=" " ind2="1" tag="264">
      <marc:subfield code="b">toonfish</marc:subfield>
      <marc:subfield code="c">2024</marc:subfield>
   </marc:datafield>
   <marc:datafield ind1="1" ind2=" " tag="490">
      <marc:subfield code="a">Enola Holmes Comic</marc:subfield>
   </marc:datafield>
   <marc:datafield ind1="1" ind2=" " tag="520">
      <marc:subfield code="a">Enola Holmes, die jüngere Schwester des gefeierten Detektivs Sherlock Holmes, hat sich dazu entschieden, allein in London zu leben und ihr eigenes Büro für Ermittlungen aller Art zu eröffnen; natürlich unter falschem Namen, denn ihre Brüder sind immer noch auf der Suche nach ihr, so wie Enola selbst weiterhin auf der Suche nach ihrer Mutter ist. Ihr erster Fall erweist sich unmittelbar als äußerst riskant, denn die verschwundene Lady Cecily ist nicht nur anscheinend eine Schwester im Geiste, sondern auch in einige brisante Angelegenheiten verwickelt.  Ab 8 Jahren</marc:subfield>
   </marc:datafield>
   <marc:datafield ind1=" " ind2=" " tag="020">
      <marc:subfield code="a">9783967927269</marc:subfield>
      <marc:subfield code="9">9783967927269</marc:subfield>
   </marc:datafield>
</marc:record>
